Chuyện kể Bác Hồ với nông dân
Saved in:
| Main Author: | |
|---|---|
| Format: | Book |
| Language: | Undetermined |
| Published: |
Hà Nội
Hồng Bàng
2012
|
| Subjects: | |
| Tags: |
Add Tag
No Tags, Be the first to tag this record!
|
| Institutions: | Trung tâm Học liệu Trường Đại học Cần Thơ |
|---|
| LEADER | 00636nam a2200205Ia 4500 | ||
|---|---|---|---|
| 001 | CTU_180529 | ||
| 008 | 210402s9999 xx 000 0 und d | ||
| 020 | |c 48000 | ||
| 082 | |a 305.5633 | ||
| 082 | |b L105 | ||
| 100 | |a Lường, Thị Lan | ||
| 245 | 0 | |a Chuyện kể Bác Hồ với nông dân | |
| 245 | 0 | |c Lưòng Thị LAn (sưu tầm, biên soạn) | |
| 260 | |a Hà Nội | ||
| 260 | |b Hồng Bàng | ||
| 260 | |c 2012 | ||
| 650 | |a Presidents Ho Chi Minh,Chủ tịch Hồ Chí Minh | ||
| 650 | |x Tiểu sử | ||
| 910 | |a Nguyên | ||
| 980 | |a Trung tâm Học liệu Trường Đại học Cần Thơ | ||